The magical state : nature, money, and modernity in Venezuela = El Estado mágico: Naturaleza, dinero y modernidad en Venezuela /
Guardado en:
| Hovedforfatter: | |
|---|---|
| Format: | Ukendt |
| Sprog: | English |
| Udgivet: |
Chicago :
University of Chicago Press,
1997.
|
| Fag: | |
| Tags: |
Tilføj Tag
Ingen Tags, Vær først til at tagge denne postø!
|
MARC
| LEADER | 000000000a22000000004500 | ||
|---|---|---|---|
| 001 | 014304 | ||
| 020 | |a 0226116026 | ||
| 041 | 0 | |a eng | |
| 082 | 0 | 4 | |a 306.209.87 |b C293m |
| 100 | 1 | |a Coronil, Fernando, |d 1944- | |
| 245 | 1 | 4 | |a The magical state : |b nature, money, and modernity in Venezuela = El Estado mágico: Naturaleza, dinero y modernidad en Venezuela / |c Fernando Coronil. |
| 246 | 3 | 1 | |a El Estado mágico: Naturaleza, dinero y modernidad en Venezuela |
| 260 | 1 | |a Chicago : |b University of Chicago Press, |c 1997. | |
| 300 | |a xvii, 447 páginas : |b ilustraciones ; |c 24 cm. | ||
| 650 | 4 | |a INDUSTRIA DEL PETROLEOY EL COMERCIO | |
| 650 | 4 | |a VENEZUELA | |
| 650 | 4 | |a HISTORIA | |
| 650 | 4 | |a POLITICA Y GOBIERNO | |
| 650 | 4 | |a SIGLO XX | |
| 500 | |a Colección George Yúdice | ||
| 999 | |c 20198 |d 20198 | ||
| 942 | |c BK |h 306.209.87 C293m |2 z | ||



